000
00289cam a22000977a 4500
008
180718b1958 xxu||||| |||| 00| 0 eng d
082
_a
K5 Un3c
245
_a
Report of the regional census training centre for Asia and the Far east
260
_a
New York
_b
United Nations
_c
1958
300
_a
31p.
999
_c
428624
_d
428624